000 00510nam a2200145Ia 4500
008 090124s9999 xx 000 0 und d
082 _b39561
245 _a श्रीगुरुजी समग्र दर्शन 6
250 _a1
260 _bभारतीय विचार साधना
_c1974
300 _a292
630 _a श्रीगुरुजी समग्र दर्शन 6
730 _a श्रीगुरुजी समग्र दर्शन 6
942 _cBOOK
999 _c105672
_d105672